<?xml version="1.0" encoding="UTF-8"?>
<record
    xmlns:xsi="http://www.w3.org/2001/XMLSchema-instance"
    xsi:schemaLocation="http://www.loc.gov/MARC21/slim http://www.loc.gov/standards/marcxml/schema/MARC21slim.xsd"
    xmlns="http://www.loc.gov/MARC21/slim">

  <leader>04011nam a2200577Ia 4500</leader>
  <controlfield tag="001">413</controlfield>
  <controlfield tag="008">241029s9999    xx            000 0 und d</controlfield>
  <datafield tag="010" ind1=" " ind2=" ">
    <subfield code="a">379</subfield>
  </datafield>
  <datafield tag="041" ind1=" " ind2=" ">
    <subfield code="a">Espa&#xF1;ol</subfield>
  </datafield>
  <datafield tag="082" ind1=" " ind2=" ">
    <subfield code="a">NO APLICA</subfield>
  </datafield>
  <datafield tag="245" ind1=" " ind2="0">
    <subfield code="a">Estrategias de gesti&#xF3;n de centros para controlar las influencia de la m&#xFA;sica urbana sobre la socioafectividad de los estudiantes de 8vo. Grado de 13-14 a&#xF1;os de la Escuela Aida Cartagena Portalat&#xED;n. A&#xF1;o 2011-2012 Santo Domingo, Rep&#xFA;blica Dominicana.</subfield>
  </datafield>
  <datafield tag="260" ind1=" " ind2=" ">
    <subfield code="a">Santo Domingo</subfield>
  </datafield>
  <datafield tag="300" ind1=" " ind2=" ">
    <subfield code="a">87</subfield>
  </datafield>
  <datafield tag="520" ind1=" " ind2=" ">
    <subfield code="a">30</subfield>
  </datafield>
  <datafield tag="630" ind1=" " ind2=" ">
    <subfield code="a">Ansiedad</subfield>
  </datafield>
  <datafield tag="630" ind1=" " ind2=" ">
    <subfield code="a">Ense&#xF1;anza</subfield>
  </datafield>
  <datafield tag="630" ind1=" " ind2=" ">
    <subfield code="a">Estudiantes</subfield>
  </datafield>
  <datafield tag="630" ind1=" " ind2=" ">
    <subfield code="a">Financiamiento de la Investigaci&#xF3;n</subfield>
  </datafield>
  <datafield tag="630" ind1=" " ind2=" ">
    <subfield code="a">Gesti&#xF3;n</subfield>
  </datafield>
  <datafield tag="650" ind1=" " ind2=" ">
    <subfield code="a">Gesti&#xF3;n Educativa</subfield>
  </datafield>
  <datafield tag="690" ind1=" " ind2=" ">
    <subfield code="a">Elaborado</subfield>
  </datafield>
  <datafield tag="700" ind1=" " ind2=" ">
    <subfield code="e">asesor</subfield>
    <subfield code="a">Adames , Adalberto</subfield>
  </datafield>
  <datafield tag="700" ind1=" " ind2=" ">
    <subfield code="e">autor</subfield>
    <subfield code="a">Medina, Yohara</subfield>
  </datafield>
  <datafield tag="700" ind1=" " ind2=" ">
    <subfield code="e">autor</subfield>
    <subfield code="a">Burgos, Erudina</subfield>
  </datafield>
  <datafield tag="901" ind1=" " ind2=" ">
    <subfield code="a">{"1":"Medina","2":"Burgos"}</subfield>
    <subfield code="b">{"1":"Yohara","2":"Erudina"}</subfield>
  </datafield>
  <datafield tag="902" ind1=" " ind2=" ">
    <subfield code="a">1</subfield>
  </datafield>
  <datafield tag="903" ind1=" " ind2=" ">
    <subfield code="a">{"1":"Adames "}</subfield>
    <subfield code="b">{"1":"Adalberto"}</subfield>
  </datafield>
  <datafield tag="904" ind1=" " ind2=" ">
    <subfield code="a">M&#xE1;ster en</subfield>
  </datafield>
  <datafield tag="905" ind1=" " ind2=" ">
    <subfield code="a">Ciencias de la Educaci&#xF3;n</subfield>
  </datafield>
  <datafield tag="906" ind1=" " ind2=" ">
    <subfield code="a">1</subfield>
  </datafield>
  <datafield tag="907" ind1=" " ind2=" ">
    <subfield code="a">Menci&#xF3;n en</subfield>
  </datafield>
  <datafield tag="908" ind1=" " ind2=" ">
    <subfield code="a">Gesti&#xF3;n de Centros Educativos</subfield>
  </datafield>
  <datafield tag="909" ind1=" " ind2=" ">
    <subfield code="a">Universidad Abierta para Adultos (UAPA), Recinto Santo Domingo Oriental</subfield>
  </datafield>
  <datafield tag="910" ind1=" " ind2=" ">
    <subfield code="a">NULL</subfield>
    <subfield code="b">NULL</subfield>
  </datafield>
  <datafield tag="911" ind1=" " ind2=" ">
    <subfield code="a">["1"]</subfield>
  </datafield>
  <datafield tag="912" ind1=" " ind2=" ">
    <subfield code="a">NO APLICA</subfield>
  </datafield>
  <datafield tag="913" ind1=" " ind2=" ">
    <subfield code="a">NULL</subfield>
  </datafield>
  <datafield tag="914" ind1=" " ind2=" ">
    <subfield code="a">06 de Agosto de 2012</subfield>
  </datafield>
  <datafield tag="915" ind1=" " ind2=" ">
    <subfield code="a">24/12/19 12:12</subfield>
  </datafield>
  <datafield tag="916" ind1=" " ind2=" ">
    <subfield code="a">NULL</subfield>
  </datafield>
  <datafield tag="917" ind1=" " ind2=" ">
    <subfield code="a">NULL</subfield>
  </datafield>
  <datafield tag="918" ind1=" " ind2=" ">
    <subfield code="a">NO APLICA</subfield>
  </datafield>
  <datafield tag="919" ind1=" " ind2=" ">
    <subfield code="a">["17","202","96","108","111"]</subfield>
  </datafield>
  <datafield tag="520" ind1=" " ind2=" ">
    <subfield code="a">Los &#xA0;objetivos principales de este estudio consistieron en determinar las estrategias de gesti&#xF3;n del centro para controlar la influencia de la m&#xFA;sica urbana sobre la socio afectividad de los estudiantes de 8vo. Grado de 13 a 14 a&#xF1;os de la Escuela Aida Cartagena Portalat&#xED;n. Determinar los factores sociales que se vinculan a &#xA0;la aceptaci&#xF3;n de la m&#xFA;sica en alumnos de 8vo. Grado y en identificar las conductas socio afectivas expresado por los/ las estudiantes la Escuela B&#xE1;sica Aida Cartagena Portal&#xED;n.&#xA0;Esta investigaci&#xF3;n es de tipo descriptivo, no experimental. Los m&#xE9;todos empleados fueron el deductivo-inductivo, la poblaci&#xF3;n consultada para este estudio estuvo compuesta por 47 estudiantes de la Escuela B&#xE1;sica Aida Cartagena Portalat&#xED;n, a&#xF1;o escolar 2011-2012. Las t&#xE9;cnicas utilizadas fueron la encuesta, entrevista no estructurada y el cuestionario.El estudio concluy&#xF3; que para controlar esos factores en el centro existe el Manual de Reglamento Interno el cual contempla las normas de convivencia de los alumnos donde solo se identifica una estrategia la cual dice que no se permite traer a la escuela revistas, radios, tel&#xE9;fonos, celulares, c&#xE1;maras etc. Otras estrategias prescrita por los docentes y el director del mencionado centro es la retenci&#xF3;n de los instrumentos antes mencionados para controlar la influencia que puede ejercer el ritmo musical. Adem&#xE1;s, se les involucra como protagonistas de su formaci&#xF3;n, analizan el contenido de &#xA0;las letras y de c&#xF3;mo podr&#xED;a afectarles, charlas junto a sus padres. Las estrategias se&#xF1;aladas por los docentes no est&#xE1;n contempladas en el Manual de Reglamento Interno.Existen varios factores sociales que influyen sobre la socio afectividad de los estudiantes de la escuela Aida Portalat&#xED;n entre los que se encuentran los amigos de diferentes edades, la moda y la m&#xFA;sica urbana, que es con la que m&#xE1;s se identifican. A juicio de los maestros hay otros factores como el medio ambiente, el bombardeo de los medios de comunicaci&#xF3;n, el ritmo musical contagioso, las letras, ausencia de los padres, el poco conocimiento musical etc. &#xC9;sto conlleva a que los estudiantes manifiesten algunas conducta como la disrupci&#xF3;n; conductas cognitivas, motrices, o verbales descontroladas las cuales se convierten en distractores alterando el ritmo del centro escolar.</subfield>
  </datafield>
  <datafield tag="921" ind1=" " ind2=" ">
    <subfield code="a">16</subfield>
  </datafield>
  <datafield tag="922" ind1=" " ind2=" ">
    <subfield code="a">16</subfield>
  </datafield>
  <datafield tag="923" ind1=" " ind2=" ">
    <subfield code="a">0</subfield>
  </datafield>
  <datafield tag="924" ind1=" " ind2=" ">
    <subfield code="a">NO APLICA</subfield>
  </datafield>
  <datafield tag="942" ind1=" " ind2=" ">
    <subfield code="c">Tesis</subfield>
  </datafield>
  <datafield tag="999" ind1=" " ind2=" ">
    <subfield code="c">379</subfield>
    <subfield code="d">379</subfield>
  </datafield>
</record>
